00360 a2200133 450000100060000002000180000604000240002410000200004824000570006824500520012530000090017736200090018665000310019547206 a9788539400638 cAnchieta - Aquarius aBARBER, Shirley10a*Meu primeiro livro de contos de fadas de ninarlpor10a*Meu primeiro livro de contos de fadas de ninar a20p.0 a2010 4aLiteratura infanto-juvenil